Dr. Ambedkar's vision of social justice in Indian constitution (Record no. 445454)

000 -LEADER
fixed length control field 00528cam a22001577a 4500
008 - FIXED-LENGTH DATA ELEMENTS--GENERAL INFORMATION
fixed length control field 180718b2017 xxu||||| |||| 00| 0 eng d
020 ## - INTERNATIONAL STANDARD BOOK NUMBER
International Standard Book Number 9788184846270
082 ## - DEWEY DECIMAL CLASSIFICATION NUMBER
Classification number A99 Am16/C393
100 ## - MAIN ENTRY--PERSONAL NAME
Personal name Chaudhary, Ram Naresh
245 ## - TITLE STATEMENT
Title Dr. Ambedkar's vision of social justice in Indian constitution
Statement of responsibility, etc. by Ram Naresh Chaudhary
260 ## - PUBLICATION, DISTRIBUTION, ETC.
Place of publication, distribution, etc. New Delhi
Name of publisher, distributor, etc. Regal Publications
Date of publication, distribution, etc. 2017
300 ## - PHYSICAL DESCRIPTION
Extent 297p.
650 ## - SUBJECT ADDED ENTRY--TOPICAL TERM
Topical term or geographic name entry element Constitutional law -- India
650 ## - SUBJECT ADDED ENTRY--TOPICAL TERM
Topical term or geographic name entry element Social justice -- India
650 ## - SUBJECT ADDED ENTRY--TOPICAL TERM
Topical term or geographic name entry element Ambedkar, B. R. (Bhimrao Ramji), 1891-1956
Holdings
Withdrawn status Lost status Damaged status Not for loan Permanent Location Current Location Date acquired Full call number Barcode Date last seen Price effective from Koha item type
        Indian Institute of Public Administration Indian Institute of Public Administration 2017-01-12 A99 Am16/C393 86785 2018-07-21 2018-07-21 Book

Powered by Koha